Geographie nach Buchstabe - T - Statistiken

Allgemein
  • Dieses Quiz wurde 19.153 mal gespielt
  • Das Durchschnittsergebnis liegt bei 15 aus 24
Antwortstatistiken
Hinweis Antwort % Korrekt
Größte Stadt Japans Tokio
97%
Seine Hauptstadt heißt Bangkok Thailand
95%
Deutsches Bundesland Thüringen
95%
Größte Stadt Kanadas Toronto
94%
Londons Fluss Themse
92%
Leg dich nicht mit diesem US-Staat an Texas
83%
Hauptstadt des Irans Teheran
78%
Fundamentalistische Gruppe, welche Afghanistan von 1996 bis 2001 regierte Taliban
74%
Mexikanisches Alkoholgetränk, gemacht aus Agaven Tequila
73%
Das Land, in dem der Kilimandscharo liegt Tansania
72%
Baumloses arktisches Grasland Tundra
70%
Himalayaregion, die von China annektiert wurde Tibet
69%
Möglicherweise Indiens berühmtestes Wahrzeichen Taj Mahal
67%
Insel, die gerade südlich von Australien liegt Tasmanien
64%
Region in Italien. Florenz ist seine Hauptstadt Toskana
64%
Fluss, der durch Rom fließt Tiber
54%
Großer See hoch oben in den Anden Titicaca
52%
Koreanische Kampfsport Taekwondo
50%
Wort für die weiten, subarktischen Wälder Taiga
46%
Platz in London und Ort einer Seeschlacht (1805) Trafalgar
41%
Gastgeber der Olympischen Winterspielen 2006 Turin
40%
Chinesische Religion, die den Lehren Laozis folgt Taoismus
32%
Polynesische Insel, die von der HMS Bounty besucht wurde Tahiti
27%
Sprache der Philippinen Tagalog
17%
Keine übereinstimmenden Quizze gefunden
Verteilung der Resultate
Anzahl Personen mit jedem Resultat
Perzentil nach korrekt beantworteten Fragen
Ihre Resultats-Entwicklung
Sie haben dieses Quiz noch nicht gespielt